ბათუმის შოთა რუსთაველის სახელმწიფო უნივერსიტეტის ბიბლიოთეკა

ცნობიერება და ცივილიზაცია / (ბიბ.ჩანაწერი № 58554)

000 -ლიდერი
ფიქსირებული სიგრძის საკონტროლო ველი 01741nam a22002417a 4500
003 - საკონტროლო ნომრის იდენტიფიკატორი
საკონტროლო ველი Ge_BSU
005 - ბოლო ოპერაციის თარიღი და დრო
საკონტროლო ველი 20220602112035.0
008 - ფიქსირებული სიგრძის მონაცემთა ელემენტები - ზოგადი ინფორმაცია
ფიქსირებული სიგრძის საკონტროლო ველი 220602s2020 ge ||||| |||| 00| 0 geo d
020 ## - წიგნის საერთაშორისო სტანდარტული ნომერი
International Standard Book Number 9789941825514
041 ## - ენის კოდი
Language code of text/sound track or separate title geo
080 ## - უნივერსალური ათობითი კლასიფიკაციის ინდექსი
Universal Decimal Classification number 1(479.22) +130.1 მ-23
100 ## - მთავარი ჩანაწერი - პიროვნების სახელი
Personal name მამარდაშვილი, მერაბ
9 (RLIN) 13946
245 ## - ცნობა სათაურის შესახებ
Title ცნობიერება და ცივილიზაცია /
Statement of responsibility, etc მერაბ მამარდაშვილი ; მთარგმნელი დიმიტრი უჩანეიშვილი ; რუსული ტექსტის რედაქტორი ელენე მამარდაშვილი.
264 ## - წარმოების, გამოცემის, დისტრიბუციის და სხვა ცნობები
გამოცემის, წარმოების, დისტრიბუციის... ადგილი თბილისი :
გამოცემის, წარმოების, დისტრიბუციის... სახელწოდება აქტი,
გამოცემის, წარმოების, დისტრიბუციის... თარიღი 2020.
300 ## - ფიზიკური აღწერა
Extent 332 გვ. ;
Other physical details 20 სმ.
500 ## - ზოგადი შენიშვნა
General note თარგმანი შესრულებულია შემდეგი გამოცემის მიხედვით: М. Мамардашвили "Сознание и цивилизация", Азбука, Санкт Петербург, 2019.
501 ## - შენიშვნა თანმხლებ მასალაზე
With note გარეკანზე: ფრანცისკო ინფანტეს ნახატი "არტე ფაქტები" ციკლიდან "აპლიკაციები", 1992.
შენიშვნები და განმარტებები: გვ. 323-329.
653 ## - INDEX TERM--UNCONTROLLED
Uncontrolled term ქართული ფილოსოფია.
653 ## - INDEX TERM--UNCONTROLLED
Uncontrolled term ცნობიერება.
700 ## - ADDED ENTRY--PERSONAL NAME
Personal name უჩანეიშვილი, დიმიტრი
Relator term მთარგმნელი
9 (RLIN) 13895
700 ## - ADDED ENTRY--PERSONAL NAME
Personal name მამარდაშვილი, ელენე
Relator term რედაქტორი
9 (RLIN) 13947
942 ## - ADDED ENTRY ELEMENTS (KOHA)
Source of classification or shelving scheme
Koha item type წიგნი
ეგზემპლარები
ჩამოწერის სტატუსი დაკარგული ეგზემპლარის სტატუსი კლასიფიკაციის წყარო ან თაროზე გაწყობის სქემა დაზიანების სტატუსი არ გაიცემა მუდმივი მდებარეობა (დაცვის ადგილი) ამჟამინდელი ადგილსამყოფელი თაროზე განთავსების ადგილი შეძენის თარიღი ღირებულება, შესყიდვის ნორმალური ფასი სრული შენახვის შიფრი შტრიხკოდი ბოლო ოპერაციის თარიღი ეგზემპლარის მიმდევრობითი ნომერი (კეტერი?) ფასის ძალაში შესვლის თარიღი ეგზემპლარის სახეობა საჯარო შენიშვნა
          ბათუმის შოთა რუსთაველის სახელმწიფო უნივერსიტეტის მთავარი ბიბლიოთეკა ბათუმის შოთა რუსთაველის სახელმწიფო უნივერსიტეტის მთავარი ბიბლიოთეკა წიგნსაცავი 2022-06-02 23.00 1(479.22) +130.1 მ-23 62516 2022-06-02 62516 2022-06-02 წიგნი 23ლ.
          ბათუმის შოთა რუსთაველის სახელმწიფო უნივერსიტეტის მთავარი ბიბლიოთეკა ბათუმის შოთა რუსთაველის სახელმწიფო უნივერსიტეტის მთავარი ბიბლიოთეკა წიგნსაცავი 2022-06-02 23.00 1(479.22) +130.1 მ-23 62517 2022-06-02 62517 2022-06-02 წიგნი 23 ლ.